| 000 | 00853cam a22002773a 4500 | ||
|---|---|---|---|
| 001 | 18430 | ||
| 003 | PGUSA | ||
| 005 | 20140828083407.0 | ||
| 008 | 060522s2006||||xxu|||||s|||||000 1 eng d | ||
| 040 |
_aPGUSA _beng |
||
| 042 | _adc | ||
| 050 | 4 | _aPR | |
| 100 | 1 |
_aKilpatrick, Florence A. _q(Florence Antoinette), _d1888- |
|
| 245 | 1 | 0 |
_aOur Elizabeth : _bA Humour Novel _h[electronic resource] / _cFlorence A. Kilpatrick |
| 260 |
_bProject Gutenberg, _c2006 |
||
| 506 | _aPublic domain in the USA. | ||
| 516 | _aElectronic text | ||
| 653 | _aMan-woman relationships -- Fiction | ||
| 653 | _aHusband and wife -- Fiction | ||
| 653 | _aHouseholds -- Fiction | ||
| 653 | _aHousekeeping -- Fiction | ||
| 700 | 1 |
_aForbes, Ernest, _d1879-1962 |
|
| 830 | 0 |
_aProject Gutenberg _v18430 |
|
| 856 | 4 | 0 | _uhttp://www.gutenberg.org/ebooks/18430 |
| 942 | _cEB | ||
| 999 |
_c247685 _d247685 |
||